The Eel

Guardat en:
Dades bibliogràfiques
Autor principal: Tesch, Friedrich-Wilhelm
Format: Llibre
Idioma:Undetermined
Publicat: Oxford, UK Blackwell Publishing 2003
Matèries:
Etiquetes: Afegir etiqueta
Sense etiquetes, Sigues el primer a etiquetar aquest registre!
Thư viện lưu trữ: Trung tâm Học liệu Trường Đại học Cần Thơ
LEADER 00503nam a2200193Ia 4500
001 CTU_69210
008 210402s9999 xx 000 0 und d
020 |b 151 
082 |a 597.432 
082 |b T335 
100 |a Tesch, Friedrich-Wilhelm 
245 4 |a The Eel 
245 0 |c Friedrich-Wilhelm Tesch 
260 |a Oxford, UK 
260 |b Blackwell Publishing 
260 |c 2003 
650 |a Eel fisheries 
904 |i Trúc Phương 
980 |a Trung tâm Học liệu Trường Đại học Cần Thơ